000 00762nam a22002055i 4500
001 168844
003 ES-MaACL
005 20230906213916.0
008 080613s1899 fr |||| | fre d
080 _a782.089.6
100 1 _aMessager, André.
_9137967
240 1 0 _aVéronique.
_hPartitura de coro
245 1 0 _aVéronique [
_hmúsica impresa]
_b: opéra comique en 3 actes /
_cde A. Vanloo et G. Duval ; musique de André Messager.
260 _aParis :
_bChoudens,
_c[1899]
300 _a1 partitura de coro (138 p.) ;
_c19 cm.
650 1 4 _aÓperas-
_xPartituras de coro.
_9137579
700 1 _aVanloo, Albert.
_9137968
700 1 _aDuval, Georges (
_d1772-1853)
_946374
852 4 _aES-MaACL
_jE-12079
_9R.140023
_zBiblioteca Jacinto Martínez Lacalle
999 _c168844
_d168844